Normal view
MARC view
- الزعبي ، عوض أحمد
Entry Personal Name
001 - CONTROL NUMBER
- control field: 11246
003 - CONTROL NUMBER IDENTIFIER
- control field: JO-AjAnu
005 - DATE AND TIME OF LATEST TRANSACTION
- control field: 20230606072115.0
008 - FIXED-LENGTH DATA ELEMENTS
- fixed length control field: 230606|| aca||aabn | a|a d
040 ## - CATALOGING SOURCE
- Original cataloging agency: JO-AjAnu
- Transcribing agency: JO-AjAnu
100 ## - HEADING--PERSONAL NAME
- Personal name: الزعبي ، عوض أحمد
670 ## - SOURCE DATA FOUND
- Source citation: Work cat.: (JO-AjAnu)5793: الزعبي ، عوض أحمد , author, الوجيز في قانون أصول المحاكمات المدنية : التنظيم القضائي ، الاختصاص - التقاضي ، الأحكام وطرق الطعن